00378nam a2200157Ia 450000500170000000800410001703700130005804000200007104100130009108400210010410000130012524500380013825000060017626000290018230000090021120250326125835.0250326s9999 xx 000 0 und d aTextbook aFMSLbengcFMSL aeng2eng aX8(A):8 N8qFMSL aBain J S 0aIndustrial organisationcBain J S a2 aNYbNY, John Wileyc1968 a678p